| 000 | 00460nam a2200169Ia 4500 | ||
|---|---|---|---|
| 003 | OSt | ||
| 005 | 20191216102355.0 | ||
| 008 | 190216s9999||||xx |||||||||||||| ||und|| | ||
| 040 | _coclc | ||
| 082 |
_a338.5 _bSAN/M |
||
| 100 |
_aSankaran, S _9495 |
||
| 245 | 0 |
_aMicroeconomics / _c S Sankaran |
|
| 260 |
_bMargham Publications, _c1990. _aMadras: |
||
| 300 | _a581p | ||
| 650 | _aEconomics | ||
| 942 |
_cBK _2ddc _h338.5 _iSAN/M _k338.5 _mSAN/M |
||
| 999 |
_c9858 _d9858 |
||